|
|
|
|
| LEADER |
00965nam a22002657a 4500 |
| 001 |
34644 |
| 003 |
BD-DhAAL |
| 005 |
20190513134353.0 |
| 008 |
190124t2017 ii a 001 0 eng d |
| 999 |
|
|
|c 40738
|d 40738
|
| 020 |
|
|
|a 9788174092489
|
| 040 |
|
|
|a BD-DhAAL
|
| 082 |
|
|
|a 005.133
|2 23
|
| 100 |
|
|
|a Grewal, B. S.
|9 31587
|
| 245 |
|
|
|a Numerical Methods in Engineering and Science :
|b C, C++, and MATLAB /
|c B. S. Grewal
|
| 260 |
|
|
|a New Delhi :
|b Khanna,
|c c2017
|
| 300 |
|
|
|a 700 pages :
|b illustrations ;
|c 24 cm
|
| 500 |
|
|
|a Includes index.
|
| 526 |
|
|
|a MNS
|
| 541 |
|
|
|a Mullick & Brothers
|e 34644
|
| 650 |
|
|
|a C++ (Computer program language)
|9 31588
|
| 650 |
|
|
|a Microcontrollers
|9 31589
|
| 852 |
|
|
|a Ayesha Abed Library
|c General Stacks
|
| 942 |
|
|
|2 ddc
|c BK
|
| 952 |
|
|
|0 0
|1 0
|2 ddc
|4 0
|6 005_133000000000000_GRE
|7 0
|9 65419
|a BRACUL
|b BRACUL
|c GEN
|d 2019-04-24
|e Mullick & Brothers
|g 930.00
|l 4
|m 11
|o 005.133 GRE
|p 3010034644
|r 2022-04-10
|s 2022-03-22
|t 1
|v 930.00
|w 2019-04-24
|y BK
|